Reformas electorales 2002-2004
Este documento presenta el compendio de una serie de propuestas para reformas electorales presentadas ante la Asamblea Legislativa de Costa Rica, durante el periodo 2002-2004
Uloženo v:
| Korporativní autor: | |
|---|---|
| Médium: | Text |
| Vydáno: |
San José:
Asamblea Legislativa
|
| Témata: | |
| Tagy: |
Přidat tag
Žádné tagy, Buďte první, kdo vytvoří štítek k tomuto záznamu!
|
MARC
| LEADER | 00000 a a2200000 04500 | ||
|---|---|---|---|
| 001 | 32785 | ||
| 003 | |||
| 040 | |||
| 090 | |a 204100 | ||
| 110 | |a Costa Rica. Asamblea Legislativa | ||
| 245 | |a Reformas electorales 2002-2004 | ||
| 260 | |a San José: |b Asamblea Legislativa | ||
| 300 | |a p. irreg | ||
| 520 | |a Este documento presenta el compendio de una serie de propuestas para reformas electorales presentadas ante la Asamblea Legislativa de Costa Rica, durante el periodo 2002-2004 | ||
| 650 | |a SISTEMAS ELECTORALES | ||
| 650 | |a CODIGOS | ||
| 650 | |a ELECCIONES | ||
| 650 | |a LEGISLACION | ||
| 650 | |a COSTA RICA | ||
| 999 | |c 12463 |d 12463 | ||
